000 00663nam a2200265Ia 4500
003 OSt
005 20221006144150.0
006 a|||||r|||| 00| 0
007 ta
008 221006b |||||||| |||| 00| 0 eng d
020 _c
_2.50 (each)
024 _a11,030
037 _cTextual
040 _aEASL
_cEASL
_beng
041 _2eng
_aeng
082 _aR841vA, K6
100 _aHUGHES E R Ed.
245 0 _aChinese Philosophy in classical times
260 _aLondon
_bAldine Press
_c1960
300 _a336p.
_ccm.
490 _v CEL
650 _aCEL
942 _hR841vA, K6
_cTEXL
_2CC
999 _c1079116
_d1079116